000 00487nam a2200181Ia 4500
008 191127s9999 xx 000 0 und d
100 _aMorano, Estroff Hara
245 2 _aA Mind for magnesium/
245 _cHara Estroff Marano
260 _bSussex Publisher
260 _c2019
300 _aPages 29-30, March/April 2019
440 _aPsychology Today: Silence your inner critic
_v52: 2
650 _aHealth
650 _amagnesium
650 _aMinerals
650 _avitamins
999 _c362721
_d362721